000 02196nam a2200445 a 4500
999 _c166865
_d166865
003 BLK
005 20250128005508.0
008 180411b bul|||||r ||||||| ||bul||
010 _aKNG00174625000
020 _a954-509-053-7
040 _aBLK
041 _aBUL
_cBUL
080 _aМеждународни политически отношения. Световна политика. Международна политика. Дипломация
_b327
_x(497.2)(091)(093.3)
_z327(497.2)(091)(093.3)
080 _aТрета българска държава (от 1878)
_b94(497.2)"1878..."
_x(093.3)
_z94(497.2)"1878..."(093.3)
100 1 _aХесапчиев, Христофор Георгиев
_eпърви автор
_9337285
139 _aХесапчиев, Христофор Георгиев
_bХ 45
245 1 0 _aСлужба на България в чужбина
_bВоеннодипломат. спомени 1899 - 1914 г.
_cХристофор Георгиев Хесапчиев; състав. Петър Свирачев; предг. и ред. Елена Боянова Стателова.
257 _aBGR
260 _aСофия
_bВоенноизд. комплекс Св. Георги Победоносец
_c1993
300 _a655 с.
_c21 см
380 _a3
500 _aОфс. изд. - 2 000 тир.
650 4 _aДипломати, български - спомени
_9252200
650 4 _aБългария - външна политика - история
_9250971
650 7 _aБългария - външна политика
_2
_9149489
651 4 _aБългария
_9241624
653 _aвъншна политика
653 _aдипломати
653 _aмемоари
653 _aспомени
700 1 _aСвирачев, Петър
_eсъстав.
_9337286
700 _aСтателова, Елена Боянова
_9246747
852 _aЦб 175865
_bЦб
856 4 _qpdf
_i0.00
_ldisable
856 4 _qpdf
_i0.00
_ldisable
942 _cKNG
_n0
_02
_s1
944 _aCR
_c24.04.2015
_lCRON CRON
_k
944 _aED
_c07.05.2015
_lф /
_kЛюдмила_Стоянова
999 _d166865